वामन पंडितांचे भक्तिकाव्‍य (Record no. 24155)

MARC details
000 -LEADER
fixed length control field 00465nam a2200157Ia 4500
008 - FIXED-LENGTH DATA ELEMENTS--GENERAL INFORMATION
fixed length control field 220531s9999 xx 000 0 und d
041 ## - LANGUAGE CODE
Language code of text/sound track or separate title mar
100 ## - MAIN ENTRY--PERSONAL NAME
Personal name कुलकर्णी ह.बा.
9 (RLIN) 40160
245 ## - TITLE STATEMENT
Title वामन पंडितांचे भक्तिकाव्‍य
260 ## - PUBLICATION, DISTRIBUTION, ETC. (IMPRINT)
Name of publisher, distributor, etc. Geeta Dharma Mandal
Date of publication, distribution, etc. 1999
300 ## - PHYSICAL DESCRIPTION
Extent 106
542 ## - INFORMATION RELATING TO COPYRIGHT STATUS
Copyright holder 10-11-1998
650 ## - SUBJECT ADDED ENTRY--TOPICAL TERM
Topical term or geographic name as entry element Marathi
9 (RLIN) 40161
906 ## - LOCAL DATA ELEMENT F, LDF (RLIN)
d 1998-1999
f 6820
Holdings
Withdrawn status Lost status Source of classification or shelving scheme Damaged status Not for loan Home library Current library Date acquired Vendor Cost, normal purchase price Total Checkouts Total Holds Full call number Barcode Date last seen Bill Date Koha item type Original Barcode
    Dewey Decimal Classification     Shri Siddhivinayak Mahila Mahavidyalaya Shri Siddhivinayak Mahila Mahavidyalaya 15/07/1998 Vaibhav 15.00   1 /-/B/5139 SSMM-BK-5139 06/08/2022 06/08/2022 Books 010005139